000 00296nam a22001337a 4500
008 170524b xxu||||| |||| 00| 0 eng d
020 _a3110078368
041 _aGER
080 _a62
100 _a26
101 _aIM
245 _aEINFUHRUNG IN SOFTWARE ENGINEERING
_cKIMM, R
942 _2udc
_cBK
999 _c13978
_d13978